Star Wars Planets and Moons by Trilogy - The Prequels - Statistics

General Stats
  • This quiz has been taken 209 times
    200 since last reset
  • The average score is 9 of 17
Answer Stats
Appearances Answer % Correct
Episode I, II, III Naboo
96%
Episode I, II, III Tatooine
96%
Episode III Mustafar
91%
Episode I, II, III Coruscant
89%
Episode II Geonosis
79%
Episode II Kamino
75%
Episode III Utapau
64%
Episode III Kashyyyk
56%
Episode III Felucia
49%
Episode III Alderaan
48%
Episode III Cato Neimoidia
37%
Episode III Mygeeto
33%
Episode III Polis Massa
25%
Episode III Saleucami
22%
Episode I Iego
11%
Episode I Malastare
9%
Episode I Subterrel
1%
No matching quizzes found
Score Distribution
Percent of People with Each Score
Percentile by Number Answered
Your Score History
You have not taken this quiz since the last reset